|
|
|
|
| LEADER |
03272nam a2200517 4500 |
| 001 |
978-3-319-72856-8 |
| 003 |
DE-He213 |
| 005 |
20191023122114.0 |
| 007 |
cr nn 008mamaa |
| 008 |
180213s2018 gw | s |||| 0|eng d |
| 020 |
|
|
|a 9783319728568
|9 978-3-319-72856-8
|
| 024 |
7 |
|
|a 10.1007/978-3-319-72856-8
|2 doi
|
| 040 |
|
|
|d GrThAP
|
| 050 |
|
4 |
|a JC11-607
|
| 072 |
|
7 |
|a JPA
|2 bicssc
|
| 072 |
|
7 |
|a POL010000
|2 bisacsh
|
| 072 |
|
7 |
|a JPA
|2 thema
|
| 082 |
0 |
4 |
|a 320.01
|2 23
|
| 100 |
1 |
|
|a Roth-Isigkeit, David.
|e author.
|4 aut
|4 http://id.loc.gov/vocabulary/relators/aut
|
| 245 |
1 |
4 |
|a The Plurality Trilemma
|h [electronic resource] :
|b A Geometry of Global Legal Thought /
|c by David Roth-Isigkeit.
|
| 250 |
|
|
|a 1st ed. 2018.
|
| 264 |
|
1 |
|a Cham :
|b Springer International Publishing :
|b Imprint: Palgrave Macmillan,
|c 2018.
|
| 300 |
|
|
|a XXIII, 287 p. 6 illus.
|b online resource.
|
| 336 |
|
|
|a text
|b txt
|2 rdacontent
|
| 337 |
|
|
|a computer
|b c
|2 rdamedia
|
| 338 |
|
|
|a online resource
|b cr
|2 rdacarrier
|
| 347 |
|
|
|a text file
|b PDF
|2 rda
|
| 490 |
1 |
|
|a Philosophy, Public Policy, and Transnational Law
|
| 505 |
0 |
|
|a 1. Introduction: Theory, Practice, and Meta-Theory -- 2. Global Legal Thought and Plurality -- 3. Taming Plurality through Formal-Legal Rationality: Habermasian Approaches to Global Law -- 4. Unleashing Conflict: Post-Modern Luhmannian Approaches to Global Law -- 5. Process and Harmonizing Principles: Dworkinian Approaches to Global Law -- 6. The Plurality Trilemma - The Contingent Geometry of Global Legal Thought -- 7. Conclusion: Icarus.
|
| 520 |
|
|
|a This book provides a comprehensive introduction to global legal thought. It argues that economic globalization and digitalization have induced significant insecurity about the future of human social organization. While traditional international law as a system based on the consent of national states is in the process of rapid adaptation to its new social preconditions, a variety of transnational regulatory levels compete for legal authority. In this process of change, there is more need than ever to guide the theoretical understanding because academic concepts have a crucial influence on the emerging practice of global law. This book highlights which choices are available and argues that global law requires taking a stand in mutually irreconcilable choices.
|
| 650 |
|
0 |
|a Political theory.
|
| 650 |
|
0 |
|a Law-Philosophy.
|
| 650 |
|
0 |
|a Law.
|
| 650 |
|
0 |
|a Political philosophy.
|
| 650 |
1 |
4 |
|a Political Theory.
|0 http://scigraph.springernature.com/things/product-market-codes/911010
|
| 650 |
2 |
4 |
|a Theories of Law, Philosophy of Law, Legal History.
|0 http://scigraph.springernature.com/things/product-market-codes/R11011
|
| 650 |
2 |
4 |
|a Political Philosophy.
|0 http://scigraph.springernature.com/things/product-market-codes/E37000
|
| 710 |
2 |
|
|a SpringerLink (Online service)
|
| 773 |
0 |
|
|t Springer eBooks
|
| 776 |
0 |
8 |
|i Printed edition:
|z 9783319728551
|
| 776 |
0 |
8 |
|i Printed edition:
|z 9783319728575
|
| 776 |
0 |
8 |
|i Printed edition:
|z 9783319892177
|
| 830 |
|
0 |
|a Philosophy, Public Policy, and Transnational Law
|
| 856 |
4 |
0 |
|u https://doi.org/10.1007/978-3-319-72856-8
|z Full Text via HEAL-Link
|
| 912 |
|
|
|a ZDB-2-POS
|
| 950 |
|
|
|a Political Science and International Studies (Springer-41174)
|